[Event "Dortmund Sparkassen op-B 47th"]
[Site "Dortmund"]
[Date "2019.07.18"]
[Round "6"]
[White "Ziemek, Gerhard"]
[Black "Dicks, Friedrich"]
[Result "0-1"]
[WhiteElo "1592"]
[BlackElo "1418"]
[PlyCount "54"]
[EventDate "2019.07.13"]
[EventType "swiss"]
[EventRounds "9"]
[EventCountry "GER"]
[SourceTitle "CBM 192 Extra"]
[Source "Chessbase"]
[SourceDate "2019.11.06"]
[SourceVersion "1"]
[SourceVersionDate "2019.11.06"]
[SourceQuality "1"]

1. d4 Nf6 2. Nc3 d5 3. e4 dxe4 4. f3 Bf5 5. fxe4 Nxe4 6. Qf3 Nxc3 7. Qxf5 Nd5 8. Bc4 e6 9. Qg4 Nd7 10. Nf3 N7f6 11. Qh3 c6 12. 0-0 Qc7 13. Ne5 Bd6 14. Nf3 b5 15. Bb3 Bf4 16. c3 Bxc1 17. Raxc1 Nf4 18. Qh4 Ne2+ 19. Kh1 Nxc1 20. Rxc1 Nd5 21. Ne5 Qe7 22. Qg3 Qf6 23. Re1 Rc8 24. h3 Ne7 25. Ng4 Qg6 26. Kg1 h5 27. Bxe6 fxe6 0-1

[Event "Dortmund Sparkassen op-B"]
[Site "Dortmund"]
[Date "2012.07.21"]
[Round "8"]
[White "Ziemek, Gerhard"]
[Black "Beyer, Thomas"]
[Result "1-0"]
[WhiteElo "1661"]
[BlackElo "1553"]
[PlyCount "75"]
[EventDate "2012.07.14"]
[EventType "swiss"]
[EventRounds "9"]
[EventCountry "GER"]
[SourceTitle "EXT 2014"]
[Source "ChessBase"]
[SourceDate "2013.11.20"]
[SourceVersion "1"]
[SourceVersionDate "2013.11.20"]
[SourceQuality "1"]

1. d4 f5 2. Nc3 Nf6 3. Bg5 d5 4. Nf3 e6 5. a3 c6 6. Ne5 Nbd7 7. f3 Be7 8. e3 0-0 9. Bd3 c5 10. 0-0 cxd4 11. exd4 Qb6 12. Nxd7 Qxd4+ 13. Kh1 Bxd7 14. Qe1 Bd6 15. Rd1 Qe5 16. Qh4 Bc7 17. Rfe1 Qd6 18. b4 a6 19. Ne2 h6 20. Be3 Qe7 21. c4 b5 22. c5 e5 23. Bc1 Qf7 24. Bb2 Nh5 25. Bc2 g5 26. Qf2 Be6 27. Qe3 Qg7 28. Nc1 f4 29. Qd3 Rad8 30. Bxe5 Bxe5 31. Rxe5 Rde8 32. Rde1 Bf7 33. Rxe8 Rxe8 34. Rxe8+ Bxe8 35. Qxd5+ Kf8 36. Qd6+ Kg8 37. Bb3+ Kh8 38. c6 1-0

[Event "Dortmund Sparkassen op-B"]
[Site "Dortmund"]
[Date "2006.08.03"]
[Round "6"]
[White "Titgemeyer, Sven"]
[Black "Ziemek, Gerhard"]
[Result "0-1"]
[WhiteElo "1568"]
[BlackElo "1662"]
[PlyCount "60"]
[EventDate "2006.07.28"]
[EventType "swiss"]
[EventRounds "9"]
[EventCountry "GER"]
[SourceTitle "CBM 113 Extra"]
[Source "ChessBase"]
[SourceDate "2006.09.14"]
[SourceVersion "1"]
[SourceVersionDate "2006.09.14"]
[SourceQuality "1"]

1. e4 e5 2. Nf3 d5 3. exd5 e4 4. Ne5 Qxd5 5. d4 Be6 6. c4 Bb4+ 7. Bd2 Qxd4 8. Bxb4 Qxe5 9. Bc3 Qg5 10. h4 Qh6 11. g4 f6 12. Bg2 Qg6 13. Qc2 c6 14. Bxe4 Qxg4 15. Bxh7 Ne7 16. Bd3 Rxh4 17. Rxh4 Qxh4 18. b3 Nd7 19. Nd2 0-0-0 20. Ne4 Bg4 21. Ng3 Nc5 22. Be2 Bxe2 23. Qxe2 Nd3+ 24. Kf1 Qh3+ 25. Kg1 Ng6 26. Qf3 Nh4 27. Qh1 Qg4 28. Qe4 Nf3+ 29. Kg2 Nf4+ 30. Kf1 Qh3# 0-1

[Event "Dortmund op"]
[Site "Dortmund"]
[Date "2006.03.06"]
[Round "1.2"]
[White "Goldschmidt, Christian"]
[Black "Ziemek, Gerhard"]
[Result "1-0"]
[WhiteElo "2085"]
[BlackElo "1591"]
[PlyCount "135"]
[EventDate "2006.03.06"]
[EventType "swiss"]
[EventRounds "9"]
[EventCountry "GER"]
[SourceTitle "CBM 111 Extra"]
[Source "ChessBase"]
[SourceDate "2006.05.09"]
[SourceVersion "1"]
[SourceVersionDate "2006.05.09"]
[SourceQuality "1"]

1. e4 c5 2. c3 e5 3. d4 cxd4 4. cxd4 Bb4+ 5. Bd2 Qa5 6. dxe5 Bxd2+ 7. Qxd2 Qxe5 8. Nc3 Nf6 9. Nf3 Qe7 10. Bd3 0-0 11. 0-0 Nc6 12. Rfe1 d6 13. Nd5 Qd8 14. h3 h6 15. Rac1 Be6 16. Bc4 Ne5 17. Nd4 Nxc4 18. Rxc4 Nxe4 19. Rxe4 Bxd5 20. Rg4 f5 21. Nxf5 Rxf5 22. Rcd4 Be6 23. Rxd6 Qf6 24. Qe3 Re5 25. Re4 Rxe4 26. Qxe4 Re8 27. Qxb7 Qe5 28. Rd1 Rf8 29. Qxa7 Qxb2 30. a4 Bb3 31. Rd7 Qa1+ 32. Kh2 Bxa4 33. Rd4 Qe1 34. Qxa4 Qe5+ 35. f4 Qe3 36. Re4 Qf2 37. Re8 Rxe8 38. Qxe8+ Kh7 39. Qe5 Kg8 40. Qe6+ Kh7 41. Qg4 Qd4 42. Qf5+ Kg8 43. Qe5 Qf2 44. Qe6+ Kh7 45. Qg4 Qd4 46. Qf3 Qd6 47. Qe4+ Kg8 48. Kg3 Qf6 49. Kg4 Qd6 50. f5 Qd1+ 51. Qf3 Qd4+ 52. Kh5 Qd2 53. h4 Qd7 54. Qb3+ Kh7 55. Qe6 Qd1+ 56. g4 Qd3 57. Qg6+ Kg8 58. Qe6+ Kh7 59. Qf7 Qd4 60. Qg6+ Kg8 61. Qc6 Qd8 62. Kg6 Qf8 63. Qe6+ Kh8 64. f6 gxf6 65. Qxf6+ Qxf6+ 66. Kxf6 Kh7 67. h5 Kg8 68. Kg6 1-0

[Event "Dortmund op-B"]
[Site "Dortmund"]
[Date "2005.07.14"]
[Round "6"]
[White "Bosbach, Jens"]
[Black "Ziemek, Gerhard"]
[Result "1/2-1/2"]
[WhiteElo "1846"]
[BlackElo "1572"]
[PlyCount "102"]
[EventDate "2005.07.08"]
[EventType "swiss"]
[EventRounds "9"]
[EventCountry "GER"]
[SourceTitle "CBM 107 Extra"]
[Source "ChessBase"]
[SourceDate "2005.09.01"]
[SourceVersion "1"]
[SourceVersionDate "2005.09.01"]
[SourceQuality "1"]

1. d4 d5 2. Nf3 Nf6 3. e3 g6 4. Nbd2 Bg7 5. Bd3 0-0 6. 0-0 Nbd7 7. b3 a6 8. Bb2 b5 9. Qe2 c5 10. c4 dxc4 11. bxc4 bxc4 12. Nxc4 Bb7 13. Ba3 Re8 14. Rfd1 Bxf3 15. Qxf3 cxd4 16. exd4 Nb6 17. Nxb6 Qxb6 18. Bxe7 Qxd4 19. Bb5 Qe4 20. Bxe8 Rxe8 21. Bxf6 Qxf3 22. gxf3 Bxf6 23. Rab1 Re2 24. Rb6 Bh4 25. Rxa6 Bxf2+ 26. Kh1 Be3 27. Rd8+ Kg7 28. Re8 Re1+ 29. Kg2 Rg1+ 30. Kh3 Bg5 31. Re2 Rf1 32. Kg2 Rb1 33. Ra8 h5 34. a4 Ra1 35. a5 Bf4 36. a6 g5 37. h3 Ra3 38. a7 h4 39. Rg8+ Kxg8 40. Re8+ Kg7 41. a8Q Rxa8 42. Rxa8 Kg6 43. Kf2 Kf5 44. Ke2 f6 45. Kd3 Be5 46. Ra4 Bf4 47. Ra5+ Be5 48. Ke3 Kg6 49. Ke4 Bh2 50. Rf5 Bd6 51. Rd5 Bh2 1/2-1/2